History Quiz: Ethnicity - Statistics

General Stats
  • This quiz has been taken 129 times
  • The average score is 8 of 15
Answer Stats
Question Answer % Correct
Which ethnic group did the Imperial Government of the Ottoman Empire commit mass murder against between 1914 and 1923? Armenians
91%
Servius Tullius, king of Rome, was of what ethnicity? Etruscan
82%
The Neolithic Vinča culture existed on which continent? Europe
82%
What was Joseph Stalin's ethnicity? Georgian
82%
A war occurred in 1879, between the British Empire and the kingdom of which Bantu ethnic group? Zulu
82%
Ṭāriq ibn Ziyād (known as Tarik in English) was an Umayyad commander who initiated the Muslim conquest of Visigothic Hispania (Spain and Portugal). Which ethnic group did he belong to? Berbers
73%
The Romani originated in which area of the world? Indian subcontinent
73%
What was the ethnicity of the Ottoman dynasty? Turkmen
64%
The Kievan Rus' was a loose federation of East Slavic and which other peoples? Finnic
55%
Which of these groups is not believed to be one of the closest surviving relatives of the Phoenicians? Kurds
55%
The founder of the Fifteenth Dynasty of Ancient Egypt, Salitis, belonged to which group? Hyksos
27%
What was Nikola Tesla's ethnicity? Serbian
27%
In 1832, the Vietnamese emperor Minh Mạng annexed the remaining territories of which ethnic group? Cham
18%
Which Native American civilisation, consisting of a collection of ethnic groups, built the city known as Cahokia? Mississippian
9%
Of what descent was the bushranger John Caesar? African
0%
No matching quizzes found
Score Distribution
Percent of People with Each Score
Percentile by Number Answered
Your Score History
You have not taken this quiz